| 000 | 00611nam a2200193Ia 4500 | ||
|---|---|---|---|
| 003 | OSt | ||
| 005 | 20251115112830.0 | ||
| 008 | 210210b1942 xxu||||| |||| 00| 0 eng d | ||
| 040 | _cAL | ||
| 041 | _akan | ||
| 082 | _a853/297 | ||
| 100 |
_aMAHANTESHA SHASTRI _9161492 _dಮಹಾಂತೇಶ ಶಾಸ್ತ್ರಿ |
||
| 245 |
_aNararakshasi athava Hennina hambala: _bನರರಾಕ್ಷಸಿ ಅಥವಾ ಹೆಣ್ಣಿನ ಹಂಬಲ |
||
| 260 |
_aHubballi _bCity Book Depot., _c1942 |
||
| 300 | _a186 | ||
| 650 |
_a adhunika krantikaraka nataka _9245706 |
||
| 906 | _a019573 | ||
| 942 |
_2ddc _cBK |
||
| 999 |
_c124652 _d124652 |
||